000
00210nam a2200097Ia 4500
008
220204s9999 xx 000 0 und d
082
_a
82-3
_b
KAZ
100
_a
Kazan, Elia
245
0
_a
Acts of love
942
_c
BK
999
_c
35762
_d
35762